Statistics for Countries More Guessed than their Capitals

Click here to take the quiz!

General Stats

  • This quiz has been taken 84 times
    (47 since last reset)
  • The average score is 9 of 18

Answer Stats

% Difference Country % Correct (Country) Capital City % Correct (Capital) % Correct
54%Niger70%Niamey16%
71%
37%Nigeria60%Abuja23%
69%
40%D. R. of the Congo66%Kinshasa26%
67%
35%South Africa88%Pretoria, Cape Town or Bloemfontein53%
64%
41%R. of the Congo65%Brazzaville24%
64%
37%Chad54%N'Djamena17%
57%
35%Morocco70%Rabat35%
55%
32%Myanmar49%Naypyidaw17%
52%
35%Mongolia73%Ulaanbaatar38%
52%
54%Madagascar76%Antananarivo22%
52%
39%Sudan63%Khartoum24%
52%
31%Somalia58%Mogadishu27%
43%
32%North Korea81%Pyongyang49%
43%
34%Saudi Arabia72%Riyadh38%
40%
32%Ivory Coast46%Yamoussoukro14%
36%
38%Sri Lanka56%Sri Jayawardenepura Kotte18%
31%
38%Dominica57%Roseau19%
29%
33%Papua New Guinea56%Port Moresby23%
26%

Score Distribution

Percentile by Number Answered

Percent of People with Each Score

Your Score History

You have not taken this quiz since the last reset